[Event "ASD Arci Scacchi II-SK Ridnaun"]
[Site "?"]
[Date "2013.03.09"]
[Round "11.4"]
[White "Zanatta, Daniel"]
[Black "Helfer, Sieghard"]
[Result "1-0"]
[WhiteElo "1328"]
[BlackElo "1532"]
[PlyCount "87"]
[EventDate "2013.??.??"]

1. d4 g6 2. e4 Bg7 3. c4 d6 4. Nc3 Nd7 5. Be3 e6 6. Qd2 h6 7. Bd3 Ne7 8. f4 b6
9. Nf3 Bb7 10. O-O f5 11. exf5 exf5 12. d5 Nc5 13. b4 Nxd3 14. Qxd3 Kf7 15. Bd4
c5 16. Bxg7 Kxg7 17. bxc5 bxc5 18. Rfe1 Bc8 19. Re3 Re8 20. Rae1 Rb8 21. Qe2
Rb7 22. Nh4 a6 23. Rg3 Kf7 24. Nxg6 Nxg6 25. Qxe8+ Qxe8 26. Rxe8 Kxe8 27. Rxg6
Rb4 28. Rxd6 Rxc4 29. Ne2 Rc2 30. Kf2 Rxa2 31. Rc6 Bd7 32. Rxh6 Bb5 33. Re6+
Kf7 34. Kf3 Bc4 35. Re5 Ra3+ 36. Kf2 Kf6 37. h3 Ra2 38. g4 Bd3 39. g5+ Kf7 40.
h4 c4 41. d6 Rd2 42. Ke1 Rb2 43. d7 Rb8 44. g6+ 1-0

[Event "ASD Arci Scacchi II-SK Ridnaun"]
[Site "?"]
[Date "2013.03.09"]
[Round "11.5"]
[White "Gasteiger, Josef"]
[Black "Olivetti, Davide"]
[Result "1-0"]
[WhiteElo "1370"]
[BlackElo "1428"]
[PlyCount "103"]
[EventDate "2013.??.??"]

1. c4 b6 2. Nc3 f5 3. e3 Bb7 4. d4 Nf6 5. Nf3 e6 6. h3 Be7 7. Be2 O-O 8. O-O
Ne4 9. d5 Nxc3 10. bxc3 Bf6 11. Ba3 Re8 12. Rc1 exd5 13. cxd5 d6 14. c4 Nd7 15.
Bd3 g6 16. Rc2 Bc8 17. Re1 Nc5 18. Be2 Ne4 19. Nd4 Bh4 20. Bf3 Qg5 21. Bxe4
fxe4 22. Ne6 Bxe6 23. dxe6 Rxe6 24. Bb2 Rf8 25. Qd4 Ref6 26. Ree2 Qf5 27. a3
Qg5 28. Bc3 Qf5 29. Bb2 Qe6 30. a4 h5 31. Bc3 Kh7 32. Bb2 Qe7 33. Bc3 Rf5 34.
Bb2 Qf7 35. Qd2 Qe7 36. Qe1 Qg5 37. Bc3 Rf3 38. Kh2 R8f5 39. Qg1 Bxf2 40. Rxf2
Qg3+ 41. Kh1 Rxf2 42. Be1 Rxc2 43. Bxg3 Rxc4 44. Qd1 Ra5 45. Qb3 Raxa4 46. Bf4
Rab4 47. Qa2 a5 48. Bg5 d5 49. Qf2 Kg8 50. Qf6 Rb1+ 51. Kh2 Rcc1 52. Bh6 1-0

[Event "ASK Niederdorf-Wipptal Schach"]
[Site "?"]
[Date "2013.03.09"]
[Round "11.1"]
[White "Sparber, Werner"]
[Black "Schmidhofer, Josef"]
[Result "1/2-1/2"]
[WhiteElo "1642"]
[BlackElo "1510"]
[PlyCount "74"]
[EventDate "2013.??.??"]

1. d4 d5 2. c4 e6 3. Nc3 Nf6 4. e3 c5 5. Nf3 cxd4 6. Nxd4 Nc6 7. Nxc6 bxc6 8.
Bd3 Be7 9. O-O O-O 10. e4 dxc4 11. Bxc4 Qxd1 12. Rxd1 Bb4 13. e5 Nd5 14. Ne4 a5
15. Bg5 Ba6 16. Bxa6 Rxa6 17. Rac1 h6 18. Bh4 g5 19. Bg3 Be7 20. Nc5 Ra7 21. f3
Rb8 22. Rd2 Rb5 23. Bf2 Bxc5 24. Bxc5 Rab7 25. Bd4 Rc7 26. a3 c5 27. Bf2 c4 28.
Bd4 Rb3 29. Rdc2 Nf4 30. Kf1 Nd3 31. Rd1 Rd7 32. Bc3 Nxe5 33. Rxd7 Nxd7 34. Rd2
Nc5 35. Rd8+ Kh7 36. Rh8+ Kg6 37. Rg8+ Kf5 1/2-1/2

[Event "ASK Niederdorf-Wipptal Schach"]
[Site "?"]
[Date "2013.03.09"]
[Round "11.2"]
[White "Haspinger, Hartmann"]
[Black "Giorgione, Roberto"]
[Result "0-1"]
[WhiteElo "1349"]
[BlackElo "1444"]
[PlyCount "70"]
[EventDate "2013.??.??"]

1. d4 d5 2. c4 e6 3. Nc3 dxc4 4. e4 Nf6 5. Bg5 Be7 6. Nf3 O-O 7. Bxc4 b6 8. O-O
Bb7 9. Re1 c6 10. a3 Nbd7 11. Rc1 a5 12. e5 Nd5 13. Bxe7 Nxe7 14. Ne4 Nf5 15.
Neg5 h6 16. Bxe6 fxe6 17. Nxe6 Qe7 18. Nxf8 Rxf8 19. Rc3 Nh4 20. Ree3 b5 21.
Nxh4 Qxh4 22. Rg3 b4 23. axb4 axb4 24. Qb3+ Kh8 25. Qxb4 Ba6 26. e6 c5 27. Rxc5
Nxc5 28. Qxc5 Rc8 29. Qxc8+ Bxc8 30. d5 Qd4 31. h3 Qxd5 32. e7 Bd7 33. Rf3 Kh7
34. Re3 Bc6 35. Rc3 Qxg2# 0-1

[Event "ASK Niederdorf-Wipptal Schach"]
[Site "?"]
[Date "2013.03.09"]
[Round "11.3"]
[White "Perfler, Manfred"]
[Black "Girardelli, Daniel"]
[Result "1/2-1/2"]
[WhiteElo "1367"]
[BlackElo "1398"]
[PlyCount "32"]
[EventDate "2013.??.??"]

1. e4 e5 2. Nf3 d6 3. Bc4 Be7 4. Nc3 b6 5. d4 Nc6 6. Be3 exd4 7. Nxd4 Nxd4 8.
Qxd4 Nf6 9. e5 dxe5 10. Qxe5 Qd6 11. Qg5 O-O 12. O-O Bb7 13. Rad1 Qb4 14. Bb3
Ne4 15. Qe5 Nxc3 16. bxc3 Qe4 1/2-1/2

[Event "ASK Niederdorf-Wipptal Schach"]
[Site "?"]
[Date "2013.03.09"]
[Round "11.4"]
[White "Pallhuber, Manfred"]
[Black "Saxl, Alexander"]
[Result "1/2-1/2"]
[WhiteElo "1382"]
[BlackElo "1381"]
[PlyCount "54"]
[EventDate "2013.??.??"]

1. d4 d5 2. c4 dxc4 3. Nc3 Nf6 4. Bf4 e6 5. e3 b6 6. Bxc4 Bb7 7. Nf3 Be7 8. h3
Ne4 9. Nxe4 Bxe4 10. O-O O-O 11. Rc1 c5 12. Be2 Nd7 13. a3 Nf6 14. dxc5 Bxc5
15. b4 Be7 16. Nd4 Rc8 17. Rxc8 Qxc8 18. f3 Bb7 19. Qb1 Nd5 20. Re1 Qd7 21. Bb5
Qd8 22. Bc6 Ba8 23. Bxd5 Bxd5 24. e4 Ba8 25. Be3 Bf6 26. Nb5 Qd7 27. Nc3 Rc8
1/2-1/2

[Event "ASK Niederdorf-Wipptal Schach"]
[Site "?"]
[Date "2013.03.09"]
[Round "11.5"]
[White "Zini, Heinrich"]
[Black "Kamelger, Ewald"]
[Result "0-1"]
[WhiteElo "1200"]
[BlackElo "1200"]
[PlyCount "74"]
[EventDate "2013.??.??"]

1. d4 e6 2. c4 Nf6 3. Bg5 Be7 4. Bxf6 Bxf6 5. e3 d5 6. Nf3 O-O 7. Be2 Nd7 8.
O-O c6 9. Nc3 Re8 10. Re1 a6 11. a3 b5 12. cxb5 axb5 13. b4 Nb6 14. Ne5 Bxe5
15. dxe5 Nd7 16. Qd4 Qc7 17. f4 Qb6 18. Qxb6 Nxb6 19. Bd3 Rf8 20. e4 Bb7 21. f5
d4 22. Ne2 Rfd8 23. Red1 Nd7 24. fxe6 fxe6 25. Nxd4 Nxe5 26. Nxe6 Rxd3 27. Nc5
Rxd1+ 28. Rxd1 Rb8 29. Ne6 Re8 30. Rd8 Rxd8 31. Nxd8 Ba8 32. Kf2 Nc4 33. Ne6
Bb7 34. Ke2 Nxa3 35. Nc5 Bc8 36. Ke3 Nc2+ 37. Kd3 Nxb4+ 0-1

[Event "Brixen/Milland-SK Klausen"]
[Site "?"]
[Date "2013.03.09"]
[Round "11.1"]
[White "Schacher, Gerd"]
[Black "Sader, Michael"]
[Result "1-0"]
[WhiteElo "2300"]
[BlackElo "2169"]
[PlyCount "81"]
[EventDate "2013.??.??"]

1. c4 c5 2. g3 g6 3. Bg2 Bg7 4. Nc3 Nc6 5. Nf3 Nf6 6. d4 cxd4 7. Nxd4 O-O 8.
O-O d6 9. Nxc6 bxc6 10. Bxc6 Rb8 11. Bg2 Be6 12. b3 d5 13. Bg5 Rc8 14. cxd5
Rxc3 15. dxe6 fxe6 16. Rc1 Nd5 17. Bxd5 exd5 18. Rxc3 Bxc3 19. Bh6 Re8 20. Qd3
Bf6 21. e4 dxe4 22. Qxe4 Qd7 23. Qc4+ e6 24. Be3 Rc8 25. Qg4 Rd8 26. Rc1 Kf7
27. Rc4 h5 28. Qf3 Qd1+ 29. Qxd1 Rxd1+ 30. Kg2 a5 31. Bb6 Rd5 32. Rc5 Rxc5 33.
Bxc5 Bc3 34. Kf3 g5 35. g4 Kg6 36. h3 hxg4+ 37. Kxg4 Bb4 38. Be3 Be7 39. Bd2
Bd8 40. f3 e5 41. a4 1-0

[Event "Brixen/Milland-SK Klausen"]
[Site "?"]
[Date "2013.03.09"]
[Round "11.2"]
[White "Brenninger, Daniel"]
[Black "Seebacher, Reinhard"]
[Result "1-0"]
[WhiteElo "2056"]
[BlackElo "1880"]
[PlyCount "83"]
[EventDate "2013.??.??"]

1. e4 e5 2. Nf3 Nc6 3. d4 exd4 4. Nxd4 Bc5 5. Be3 Qf6 6. c3 Nge7 7. Nc2 Bxe3 8.
Nxe3 d6 9. g3 h5 10. h4 g5 11. hxg5 Qxg5 12. Nd2 Ne5 13. Be2 h4 14. Qc2 Bd7 15.
O-O-O O-O-O 16. Ndf1 hxg3 17. Nxg3 Bg4 18. Kb1 Bxe2 19. Nxe2 N7g6 20. Rhg1 Qh4
21. Nd4 Nf4 22. Rg3 Qf6 23. f3 Rdg8 24. Rxg8+ Rxg8 25. Qf2 Qg5 26. Ndf5 Kb8 27.
Rh1 Ned3 28. Qh2 a5 29. Rd1 a4 30. Qc2 Nc5 31. Rh1 Nfe6 32. Qh2 Nf4 33. Qh7 a3
34. b4 Ne2 35. bxc5 dxc5 36. Qxf7 Rg6 37. Qf8+ Ka7 38. Qxc5+ Rb6+ 39. Kc2 Qf6
40. Nd5 Qe5 41. Qe3 Nxc3 42. Nxb6 1-0

[Event "Brixen/Milland-SK Klausen"]
[Site "?"]
[Date "2013.03.09"]
[Round "11.3"]
[White "Schrott, Johann"]
[Black "Kofler, Thomas"]
[Result "1/2-1/2"]
[WhiteElo "1787"]
[BlackElo "1960"]
[PlyCount "138"]
[EventDate "2013.??.??"]

1. e4 e5 2. Nf3 Nc6 3. Bb5 Nf6 4. O-O Bc5 5. d3 d6 6. h3 h6 7. Be3 Bb6 8. Nc3
O-O 9. Ne2 Ne7 10. Ng3 c6 11. Ba4 Bxe3 12. fxe3 Qb6 13. Qd2 Qxb2 14. Bb3 Qa3
15. d4 exd4 16. exd4 d5 17. Ne5 Qd6 18. Rf2 Nd7 19. Nxd7 Bxd7 20. e5 Qg6 21.
Qe3 Nf5 22. Nxf5 Bxf5 23. Raf1 Be6 24. c3 Qg5 25. Qd3 Rae8 26. Bc2 g6 27. Rf6
Bc8 28. Qf3 Bf5 29. Bxf5 gxf5 30. Rxf5 Qg7 31. Qh5 Qg6 32. Qh4 Kh7 33. Rf6 Qg7
34. Qh5 Re7 35. R1f4 Qg5 36. Qf3 Rg8 37. Rxf7+ Rxf7 38. Rxf7+ Rg7 39. e6 Qg6
40. Rxg7+ Kxg7 41. e7 Qe8 42. Qe3 h5 43. Qe5+ Kg6 44. h4 a5 45. Qg5+ Kh7 46.
Qf5+ Kg7 47. Qe5+ Kg6 48. Qe6+ Kg7 49. Kf2 Qf7+ 50. Qxf7+ Kxf7 51. Kf3 Kxe7 52.
Kf4 Kf6 53. g4 hxg4 54. Kxg4 b6 55. a3 c5 56. dxc5 bxc5 57. Kf4 a4 58. h5 Kf7
59. Ke5 d4 60. Ke4 dxc3 61. Kd3 c2 62. Kxc2 Kg7 63. Kc3 Kh6 64. Kc4 Kxh5 65.
Kxc5 Kg6 66. Kb5 Kf7 67. Kxa4 Ke7 68. Kb5 Kd7 69. Kb6 Kc8 1/2-1/2

[Event "Brixen/Milland-SK Klausen"]
[Site "?"]
[Date "2013.03.09"]
[Round "11.4"]
[White "Kofler, Oswald"]
[Black "Schrott, Ernst"]
[Result "0-1"]
[WhiteElo "1858"]
[BlackElo "1814"]
[PlyCount "110"]
[EventDate "2013.??.??"]

1. d4 Nf6 2. c4 c5 3. dxc5 e6 4. Nc3 Bxc5 5. Bg5 Bxf2+ 6. Kxf2 Ng4+ 7. Ke1 Qxg5
8. Nf3 Qa5 9. Qd4 Nf6 10. e4 Nc6 11. Qd2 O-O 12. Bd3 d5 13. cxd5 exd5 14. Nxd5
Qxd2+ 15. Kxd2 Nxd5 16. exd5 Nb4 17. Bc4 Rd8 18. Rhd1 Nxd5 19. Ke1 Be6 20. Ng5
Nf4 21. Rxd8+ Rxd8 22. Nxe6 fxe6 23. g3 Nd5 24. Rc1 Rd7 25. Bxd5 exd5 26. Ke2
Kf7 27. Kd3 Ke6 28. Kd4 Rf7 29. Re1+ Kd6 30. Re5 Rf2 31. Rxd5+ Kc6 32. Rh5 Rxb2
33. Rxh7 Rxa2 34. h4 Rd2+ 35. Kc3 Rd7 36. h5 Rd5 37. Rxg7 Rxh5 38. Rg6+ Kb5 39.
Rg7 Ka6 40. Rg6+ b6 41. g4 Rh1 42. Kd3 Ka5 43. Ke3 b5 44. Rg5 Ka4 45. Rh5 Rg1
46. Rh4 b4 47. Kf2 Rc1 48. g5 Rc8 49. g6 a5 50. g7 Rg8 51. Rg4 Ka3 52. Ke2 b3
53. Kd2 b2 54. Rg1 Rxg7 55. Rxg7 b1=Q 0-1

[Event "Brixen/Milland-SK Klausen"]
[Site "?"]
[Date "2013.03.09"]
[Round "11.5"]
[White "Sigmund, Ingenuin"]
[Black "Wisthaler, Lukas"]
[Result "0-1"]
[WhiteElo "1728"]
[BlackElo "1822"]
[PlyCount "62"]
[EventDate "2013.??.??"]

1. e4 c5 2. Nc3 e6 3. g3 d5 4. d3 d4 5. Nce2 Nc6 6. Bg2 Nf6 7. f4 e5 8. Nf3 Bd6
9. O-O Qc7 10. Nh4 g6 11. f5 Be7 12. h3 Nh5 13. fxg6 hxg6 14. Nf3 Bd7 15. g4
Ng7 16. c3 O-O-O 17. Ng5 f5 18. exf5 gxf5 19. gxf5 Rdf8 20. Ng3 Nxf5 21. Nxf5
Rxf5 22. Rxf5 Bxf5 23. Qe2 Bxg5 24. Bxg5 Bxh3 25. Bxh3+ Rxh3 26. Kg2 Qd7 27.
Rf1 dxc3 28. bxc3 Rxd3 29. Rf8+ Kc7 30. Qh5 Kb6 31. c4 Rc3 0-1

[Event "Brixen/Milland-SK Klausen"]
[Site "?"]
[Date "2013.03.09"]
[Round "11.6"]
[White "Hellweg, Stephan"]
[Black "Seebacher, Michael"]
[Result "1-0"]
[WhiteElo "1668"]
[BlackElo "1403"]
[PlyCount "86"]
[EventDate "2013.??.??"]

1. e4 c6 2. d4 d5 3. exd5 cxd5 4. Nf3 Nf6 5. Bd3 Nc6 6. c3 e6 7. O-O Be7 8. Bf4
O-O 9. Nbd2 Bd6 10. Bxd6 Qxd6 11. Re1 h6 12. Ne5 Nd7 13. f4 Ndxe5 14. fxe5 Qd8
15. Nf3 Bd7 16. Bc2 g6 17. Qd2 Kg7 18. Qf2 f5 19. exf6+ Rxf6 20. Qg3 Qf8 21.
Rf1 Qf7 22. Ne5 Nxe5 23. dxe5 Rf5 24. Bxf5 exf5 25. Rae1 Re8 26. Qe3 a6 27. Qd4
Be6 28. Rb1 Qc7 29. Rfe1 b5 30. a4 Qb7 31. axb5 axb5 32. Ra1 Ra8 33. Rxa8 Qxa8
34. Qb6 Qc8 35. Ra1 g5 36. Ra6 Kf7 37. Qd6 Qd7 38. Qb6 Qe8 39. Ra5 Bd7 40. Qf6+
Kg8 41. Ra6 Bc8 42. Rd6 Bd7 43. Qxh6 Qxe5 1-0

[Event "J. Richter/LASK BZ-SK Ehrenburg"]
[Site "?"]
[Date "2013.03.09"]
[Round "11.1"]
[White "Flatscher, Tobias"]
[Black "Moncher, Stefano"]
[Result "1/2-1/2"]
[WhiteElo "1704"]
[BlackElo "2182"]
[PlyCount "23"]
[EventDate "2013.??.??"]

1. e4 e6 2. d4 d5 3. exd5 exd5 4. Bd3 Nc6 5. c3 Nf6 6. h3 Be6 7. Qf3 Bd6 8. Bf4
Bxf4 9. Qxf4 Qd6 10. Ne2 Ne7 11. Qxd6 cxd6 12. Bb5+ 1/2-1/2

[Event "J. Richter/LASK BZ-SK Ehrenburg"]
[Site "?"]
[Date "2013.03.09"]
[Round "11.3"]
[White "Babinetz, Rainer"]
[Black "Bevilacqua, Maurizio"]
[Result "0-1"]
[WhiteElo "1897"]
[BlackElo "1974"]
[PlyCount "66"]
[EventDate "2013.??.??"]

1. Nf3 c5 2. g3 d5 3. d3 Nc6 4. Bg2 e5 5. Nbd2 Be6 6. c3 f6 7. O-O Qd7 8. Re1
Nge7 9. e4 O-O-O 10. Qa4 Kb8 11. b4 cxb4 12. cxb4 Nc8 13. a3 Nb6 14. Qc2 g5 15.
Bb2 g4 16. Nh4 Bh6 17. Nb3 Na4 18. Bc1 Bg5 19. f4 Bxh4 20. gxh4 dxe4 21. dxe4
Bxb3 22. Qxb3 Nd4 23. Qd5 Qg7 24. Qa5 Nf3+ 25. Kh1 Nxe1 26. Be3 b6 27. Qxa4
Nxg2 28. Kxg2 Rd3 29. Re1 Rc8 30. Re2 Qb7 31. Bd2 Rxd2 32. Rxd2 Qxe4+ 33. Kg1
Qe1+ 0-1

[Event "J. Richter/LASK BZ-SK Ehrenburg"]
[Site "?"]
[Date "2013.03.09"]
[Round "11.4"]
[White "De Vita, Gianni"]
[Black "Gruber, Alexander"]
[Result "1/2-1/2"]
[WhiteElo "1973"]
[BlackElo "1796"]
[PlyCount "165"]
[EventDate "2013.??.??"]

1. e4 e6 2. d4 d5 3. exd5 exd5 4. Nf3 Nf6 5. Bd3 Bd6 6. O-O O-O 7. Re1 Bg4 8.
Nbd2 c6 9. Nf1 Qc7 10. h3 Bh5 11. Bg5 Nbd7 12. Ne3 Bf4 13. Bxf6 Nxf6 14. Nf5
Rfe8 15. g4 Bg6 16. Rxe8+ Rxe8 17. N3h4 Qb6 18. b3 Bxf5 19. Nxf5 g6 20. Qf3 Bg5
21. h4 gxf5 22. hxg5 Qxd4 23. Rd1 Qxg4+ 24. Qxg4 Nxg4 25. Bxf5 Ne5 26. Kg2 Ng6
27. Kg3 Kg7 28. Bd3 h6 29. gxh6+ Kxh6 30. c4 dxc4 31. Bxc4 Kg7 32. f4 f5 33.
Rd7+ Re7 34. Rxe7+ Nxe7 35. Kf3 Kf6 36. a4 a5 37. Ke3 b6 38. Kd4 Ng6 39. Ke3
Ke7 40. Bd3 Ke6 41. Bc4+ Kd6 42. Bf7 Ne7 43. Kd4 Nd5 44. Bg6 Ke6 45. Be8 c5+
46. Kc4 Nxf4 47. Kb5 Nd5 48. Bh5 Nf6 49. Bf3 Nd7 50. Bg2 Kd6 51. Bf1 f4 52. Bh3
f3 53. Bf1 Kc7 54. Kc4 Kd6 55. Kb5 Kc7 56. Kc4 Kc6 57. Kd3 Kd5 58. Ke3 Ne5 59.
Ba6 c4 60. bxc4+ Nxc4+ 61. Kxf3 Nb2 62. Bb5 Kc5 63. Ke3 Kb4 64. Kd2 Nxa4 65.
Be8 Nc3 66. Kc2 a4 67. Kb2 b5 68. Bf7 Ne4 69. Bg8 Nd6 70. Be6 Nc4+ 71. Ka2 a3
72. Bd7 Kc5 73. Be6 b4 74. Kb3 Na5+ 75. Kc2 Nc6 76. Bf7 Nd4+ 77. Kd3 Nb5 78.
Bg8 Nc3 79. Kc2 a2 80. Kb2 Kd4 81. Bf7 Kd3 82. Be6 Kd2 83. Bf7 1/2-1/2

[Event "J. Richter/LASK BZ-SK Ehrenburg"]
[Site "?"]
[Date "2013.03.09"]
[Round "11.5"]
[White "Mitterhofer, Martin"]
[Black "Kowalczyk, Martin"]
[Result "0-1"]
[WhiteElo "1560"]
[BlackElo "1887"]
[PlyCount "100"]
[EventDate "2013.??.??"]

1. e4 d6 2. d4 Nf6 3. Nc3 g6 4. Be3 Bg7 5. Qd2 c6 6. Be2 Qa5 7. Nf3 O-O 8. O-O
Re8 9. h3 b5 10. a3 Bb7 11. b4 Qc7 12. Bd3 a5 13. Ne2 axb4 14. axb4 Rxa1 15.
Rxa1 Nbd7 16. c3 Nb6 17. Ng3 Ra8 18. Rxa8+ Bxa8 19. Qa2 Qb7 20. d5 Na4 21. dxc6
Qxc6 22. Nd4 Qxc3 23. Bxb5 Nb6 24. Nde2 Qe1+ 25. Kh2 Bxe4 26. Bxb6 Bd5 27. Qa3
Ne4 28. Nxe4 Bxe4 29. Ng3 Be5 30. Qe3 Qxb4 31. Bf1 Bb7 32. Bd8 Kf8 33. Qb6 Qe4
34. Qe3 Qb4 35. Kg1 Qh4 36. Ba5 f5 37. Bd2 f4 38. Qb6 fxg3 39. Qd8+ Kf7 40. Be3
gxf2+ 41. Bxf2 Qf4 42. Bb6 Qh2+ 43. Kf2 Bg3+ 44. Ke3 Qg1+ 45. Ke2 Ba6+ 46. Kf3
Qxf1+ 47. Kxg3 Bb7 48. Qc7 Qxg2+ 49. Kf4 Qf3+ 50. Kg5 h6+ 0-1

[Event "J. Richter/LASK BZ-SK Ehrenburg"]
[Site "?"]
[Date "2013.03.09"]
[Round "11.6"]
[White "Mumelter, Igor"]
[Black "Falkensteiner, Benjamin"]
[Result "1-0"]
[WhiteElo "1821"]
[BlackElo "1399"]
[PlyCount "89"]
[EventDate "2013.??.??"]

1. e4 c5 2. Nf3 d6 3. Bb5+ Nc6 4. O-O a6 5. Bxc6+ bxc6 6. d3 e5 7. h3 Nf6 8. c3
Be7 9. Nbd2 Be6 10. d4 cxd4 11. cxd4 exd4 12. Nxd4 Qb6 13. Qa4 Bd7 14. Nf5 Bxf5
15. exf5 O-O 16. Nc4 Qb4 17. Qc2 Nd5 18. Bd2 Qc5 19. b3 Bf6 20. Rac1 Ne7 21.
Bf4 Be5 22. Nxe5 Qxc2 23. Rxc2 dxe5 24. Bxe5 Rfc8 25. Rfc1 Rd8 26. f6 gxf6 27.
Bxf6 Rd7 28. Bxe7 Rxe7 29. Rxc6 Kg7 30. R1c4 Ree8 31. Rg4+ Kf8 32. Rh6 Re1+ 33.
Kh2 Re2 34. Ra4 a5 35. Rxh7 Ke7 36. Rh5 Rxf2 37. Rhxa5 Rg8 38. Rg4 Rd8 39. Ra6
Rd1 40. Re4+ Kd8 41. Ra7 Rff1 42. Rg4 Rh1+ 43. Kg3 Rd3+ 44. Kh4 Re1 45. Rg8+
1-0

[Event "J. Richter/Lask BZ II-Groeden"]
[Site "?"]
[Date "2013.03.09"]
[Round "11.1"]
[White "Demetz, Rainer"]
[Black "Rigo, Gianfranco"]
[Result "1-0"]
[WhiteElo "2170"]
[BlackElo "1898"]
[PlyCount "75"]
[EventDate "2013.??.??"]

1. e4 c5 2. Nf3 g6 3. c3 Bg7 4. d4 cxd4 5. cxd4 d5 6. e5 Nc6 7. Nc3 Nh6 8. h3
O-O 9. g4 f6 10. exf6 exf6 11. Qb3 Be6 12. Qxb7 Qe8 13. Be3 Rb8 14. Qa6 Nb4 15.
Qe2 f5 16. g5 Nf7 17. Bg2 Qd7 18. Bf4 Rbc8 19. O-O Rc4 20. Rfe1 Re8 21. Qd2 Qc8
22. Rac1 Bd7 23. Rxe8+ Qxe8 24. a3 Nc6 25. Re1 Qf8 26. b3 Rxd4 27. Nxd4 Nxd4
28. Nxd5 Bb5 29. Ne7+ Kh8 30. a4 Bd7 31. Qd3 Qd8 32. Qc4 Be8 33. Nc6 Bxc6 34.
Bxc6 Nd6 35. Bxd6 Qxd6 36. Re8+ Bf8 37. Qf7 Ne2+ 38. Rxe2 1-0

[Event "J. Richter/Lask BZ II-Groeden"]
[Site "?"]
[Date "2013.03.09"]
[Round "11.2"]
[White "Muscolino, Attilio"]
[Black "Bernardi, Ruben"]
[Result "0-1"]
[WhiteElo "1735"]
[BlackElo "2102"]
[PlyCount "74"]
[EventDate "2013.??.??"]

1. e4 c5 2. Nf3 Nc6 3. d4 cxd4 4. Nxd4 e5 5. Nb5 d6 6. N1c3 a6 7. Na3 Nf6 8.
Bg5 b5 9. Nd5 Be7 10. Nxe7 Nxe7 11. Qf3 Nd7 12. Rd1 f6 13. Bd2 Qb6 14. b4 O-O
15. c4 f5 16. cxb5 fxe4 17. Qb3+ d5 18. Be3 Qe6 19. Be2 Nf6 20. Bc5 Rd8 21. Nc4
axb5 22. Nb6 Rb8 23. Nxc8 Rdxc8 24. O-O Nc6 25. f3 exf3 26. Bxf3 e4 27. Be2 Rd8
28. h3 h6 29. Rd2 Rd7 30. Rfd1 Ne5 31. Bd4 Nc4 32. Rc2 Rf7 33. Rc3 Nd7 34. a4
bxa4 35. Qxa4 Nb2 36. Bg4 Qxg4 37. hxg4 Nxa4 0-1

[Event "J. Richter/Lask BZ II-Groeden"]
[Site "?"]
[Date "2013.03.09"]
[Round "11.3"]
[White "Moroder, Stephan"]
[Black "Giuliano, Arturo"]
[Result "1-0"]
[WhiteElo "2083"]
[BlackElo "1735"]
[PlyCount "73"]
[EventDate "2013.??.??"]

1. e4 e5 2. Nf3 Nc6 3. d4 exd4 4. Nxd4 Nxd4 5. Qxd4 d6 6. Nc3 Nf6 7. Bg5 Be7 8.
O-O-O O-O 9. f3 c5 10. Qd2 a6 11. Bf4 Qa5 12. g4 Be6 13. Kb1 Rfe8 14. g5 Nh5
15. Be3 b5 16. Be2 g6 17. Nd5 Qxd2 18. Nxe7+ Rxe7 19. Rxd2 Rd7 20. f4 Ng7 21.
Rhd1 Rad8 22. Bf3 Kf8 23. Rxd6 Rxd6 24. Bxc5 Ke7 25. e5 Nf5 26. exd6+ Nxd6 27.
b4 Bc8 28. Kb2 Bf5 29. Bb7 Ke6 30. Rxd6+ Rxd6 31. Bxd6 Kxd6 32. Bxa6 Bd7 33. c4
bxc4 34. Bxc4 Ke7 35. Kc3 f6 36. Kd4 fxg5 37. fxg5 1-0

[Event "J. Richter/Lask BZ II-Groeden"]
[Site "?"]
[Date "2013.03.09"]
[Round "11.4"]
[White "Gruber, Martin"]
[Black "Moroder, Thomas"]
[Result "0-1"]
[WhiteElo "1609"]
[BlackElo "1894"]
[PlyCount "100"]
[EventDate "2013.??.??"]

1. e4 c5 2. Nf3 d6 3. Bb5+ Nd7 4. O-O Ngf6 5. Nc3 a6 6. Bxd7+ Nxd7 7. d3 g6 8.
Be3 Bg7 9. h3 O-O 10. Qd2 Re8 11. Rab1 b5 12. Rfe1 Bb7 13. Bh6 Bh8 14. Bf4 Nb6
15. Nh2 b4 16. Nd1 d5 17. c3 dxe4 18. dxe4 Qxd2 19. Bxd2 Rad8 20. Bf4 Nc4 21.
cxb4 cxb4 22. Nf3 a5 23. b3 Na3 24. Rc1 Rc8 25. Rc7 Ba6 26. Ne3 Nb5 27. Rxc8
Bxc8 28. Nc4 Bc3 29. Rd1 Bb7 30. e5 Be4 31. Nxa5 Kg7 32. Ng5 Bc2 33. Rc1 Nd4
34. Kh2 Ra8 35. Nf3 Nxf3+ 36. gxf3 Bf5 37. Nc6 Rxa2 38. Kg3 Be6 39. Rd1 Bxb3
40. Rd8 h6 41. Nxe7 g5 42. Be3 Bxe5+ 43. Kg2 Be6 44. Bc5 b3 45. Nc6 b2 46. Nxe5
b1=Q 47. Bd4 f6 48. Nc6 Qf5 49. Re8 Qxh3+ 50. Kg1 Rc2 0-1

[Event "J. Richter/Lask BZ II-Groeden"]
[Site "?"]
[Date "2013.03.09"]
[Round "11.5"]
[White "Prinoth, Franz"]
[Black "Hermeter, Walter"]
[Result "1-0"]
[WhiteElo "1772"]
[BlackElo "1660"]
[PlyCount "91"]
[EventDate "2013.??.??"]

1. e4 c5 2. Nf3 Nc6 3. c3 e6 4. d4 d5 5. e5 c4 6. Be2 f5 7. Ng5 Be7 8. h4 Nh6
9. Bh5+ g6 10. Bf3 Nf7 11. Nxf7 Kxf7 12. g3 h5 13. Be3 b5 14. a3 Bd7 15. Nd2
Na5 16. Kf1 Qc7 17. Kg2 Rag8 18. Be2 Kg7 19. Nf3 Nc6 20. Ng5 Nd8 21. Nh3 Nf7
22. Nf4 Nh6 23. Bxh5 gxh5 24. Qxh5 Qc8 25. Qg6+ Kf8 26. Nxe6+ Bxe6 27. Bxh6+
Rxh6 28. Qxh6+ Ke8 29. f4 a5 30. Qh5+ Bf7 31. Qf3 Be6 32. h5 Kd7 33. h6 Rg4 34.
h7 Qh8 35. Rh3 Bf8 36. Rah1 Rg6 37. Rh5 Kc6 38. Rg5 Rxg5 39. fxg5 Bg7 40. Qh5
b4 41. Qg6 Kd7 42. Qxg7+ Qxg7 43. h8=Q Qxg5 44. Rh7+ Kc6 45. Qa8+ Kb5 46. Qe8+
1-0

[Event "J. Richter/Lask BZ II-Groeden"]
[Site "?"]
[Date "2013.03.09"]
[Round "11.6"]
[White "Anrather, Eva"]
[Black "Grossi, Christian"]
[Result "1/2-1/2"]
[WhiteElo "1395"]
[BlackElo "1770"]
[PlyCount "84"]
[EventDate "2013.??.??"]

1. e4 c5 2. Nf3 Nc6 3. Be2 g6 4. O-O Bg7 5. c3 d6 6. d4 cxd4 7. cxd4 Qb6 8. d5
Nd4 9. Nxd4 Bxd4 10. Na3 Bxf2+ 11. Rxf2 Nf6 12. Nc4 Qc7 13. Qd4 Qc5 14. Qxc5
dxc5 15. Bd3 O-O 16. d6 Ng4 17. dxe7 Re8 18. Rf3 Rxe7 19. h3 Ne5 20. Nxe5 Rxe5
21. b3 b6 22. Bb2 Re7 23. Raf1 Bb7 24. Bc4 Rf8 25. Bf6 Rxe4 26. Bg5 Rxc4 27.
bxc4 Bxf3 28. Rxf3 Re8 29. Kf2 Re4 30. Rf4 Re6 31. Kf3 Kg7 32. Re4 Rd6 33. Ke2
f6 34. Bf4 Rd7 35. Bd2 Kf7 36. g4 g5 37. a4 a5 38. Bc3 Rd6 39. Re3 h6 40. Rd3
Re6+ 41. Kf3 Kg6 42. Re3 Rd6 1/2-1/2

[Event "SC Lana-SK Steinegg/Raiffeisen"]
[Site "?"]
[Date "2013.03.09"]
[Round "11.1"]
[White "Engl, Stefan"]
[Black "Hoelzl, Matthias"]
[Result "0-1"]
[WhiteElo "1828"]
[BlackElo "1709"]
[PlyCount "130"]
[EventDate "2013.??.??"]

1. e4 e5 2. Nf3 Nf6 3. Nc3 Nc6 4. d4 exd4 5. Nxd4 Nxd4 6. Qxd4 d6 7. Bc4 Be7 8.
O-O Be6 9. Bxe6 fxe6 10. e5 dxe5 11. Qxe5 Qd6 12. Bf4 Qxe5 13. Bxe5 Bd6 14.
Rfe1 Kf7 15. Bxd6 cxd6 16. Nb5 Ne8 17. Rad1 Rd8 18. Rd3 a6 19. Nd4 e5 20. Nf3
Nf6 21. Ng5+ Kg6 22. f4 Rhe8 23. g3 h6 24. Nf3 e4 25. Nh4+ Kf7 26. Rd4 d5 27.
Nf5 Rd7 28. Ne3 Ke6 29. Red1 Red8 30. Kf2 h5 31. h3 g6 32. g4 hxg4 33. hxg4 b5
34. a4 Rd6 35. axb5 axb5 36. Ra1 Ne8 37. c3 Nc7 38. Ra7 R6d7 39. Rb7 Rc8 40.
Nc2 Rh8 41. Kg3 Rh1 42. Rd2 Rg1+ 43. Kh4 g5+ 44. Kxg5 Rg7+ 45. Kh6 R1xg4 46.
Nd4+ Kf6 47. Rb6+ Kf7 48. Kh5 Rg8 49. Rh2 Rh8+ 50. Rh6 Rxh6+ 51. Kxh6 Kf6 52.
Rh5 Rg6+ 53. Kh7 Rg2 54. Rf5+ Ke7 55. b3 Kd6 56. Rf6+ Kd7 57. Rb6 e3 58. Rg6 e2
59. Nxe2 Rxe2 60. f5 Rf2 61. Rg5 Rf3 62. c4 dxc4 63. bxc4 bxc4 64. Kg6 c3 65.
f6 Ke6 0-1